How Many Borders - Whammies #2 - Statistics

General Stats
  • This quiz has been taken 21,205 times
  • The average score is 13 of 20
Answer Stats
Country Borders # Borders % Correct
Australia 0
97%
Mongolia China, Russia 2
95%
Qatar Saudi Arabia 1
91%
Monaco France 1
87%
Indonesia East Timor, Malaysia, Papua New Guinea 3
81%
Philippines 0
80%
Liechtenstein Austria, Switzerland 2
80%
Brunei Malaysia 1
76%
Bangladesh India, Myanmar 2
70%
Belize Guatemala, Mexico 2
67%
Gambia Senegal 1
65%
Bhutan China, India 2
63%
Norway Finland, Russia, Sweden 3
56%
Djibouti Eritrea, Ethiopia, Somalia 3
54%
Cape Verde 0
43%
Kuwait Iraq, Saudi Arabia 2
38%
Guyana Brazil, Suriname, Venezuela 3
38%
Lebanon Israel, Syria 2
30%
Germany Austria, Belgium, Czech Republic, Denmark, France, Luxembourg, Netherlands, Poland, Switzerland 9
26%
Iran Afghanistan, Armenia, Azerbaijan, Iraq, Pakistan, Turkey, Turkmenistan 7
22%
No matching quizzes found
Score Distribution
Percent of People with Each Score
Percentile by Number Answered
Your Score History
You have not taken this quiz